|
|
|
|
| LEADER |
00000cam a2200000 7i4500 |
| 001 |
0000011220 |
| 005 |
20241010.0 |
| 008 |
030818 my may |
| 020 |
|
|
|a 9839888617 (pbk)
|
| 040 |
|
|
|a INS
|b eng
|e rda
|
| 090 |
0 |
0 |
|a BP16665
|b .M892 1996
|
| 100 |
1 |
|
|a Muhammad Hamzah As Saidawi ,
|e author
|
| 245 |
1 |
0 |
|a Himpunan 33 mukjizat Rasullah
|c Muhammad Hamzah As Saidawi
|f terjemahan oleh Mustaffa Kamal Mahyuddin
|
| 264 |
|
1 |
|a Selangor :
|b Pustaka ilmi
|c 1996
|
| 264 |
|
4 |
|c ©1996
|
| 300 |
|
|
|a vi, 117 pages ;
|c 20 cm.
|
| 336 |
|
|
|a text
|2 rdacontent
|
| 337 |
|
|
|a unmediated
|2 rdamedia
|
| 338 |
|
|
|a volume
|2 rdacarrier
|
| 650 |
|
0 |
|a Miricles (Islam)
|
| 700 |
0 |
|
|a Mustaffa Kamal Mahyuddin ,
|e translator
|
| 999 |
|
|
|a 0000010944
|b BOOK
|c Open Shelf
|e Default branch
|